000 00576nam a22002057a 4500
005 20151216035017.0
008 150515b xxu||||| |||| 00| 0 eng d
020 _a9780072957693
020 _a0072957697
041 0 _aeng
080 _a004
100 1 _aDhamdhere, Dhananjay M.
245 1 0 _aOperating systems :
_cDhananjay M. Dhamdhere.
260 _aNew York, N.Y. :
_bMcGraw-Hill,
_c2009.
300 _a828 f. :
_bme il.;
_c24 cm.
505 _aIndex: f. 807 - 828
650 0 _aKompjuterat
650 0 _aSistemi operativ
942 _2udc
_cBK
999 _c777
_d777